Aerial techniques for environmental monitoring : topical symposium proceedings, Aladdin Hotel, Las Vegas, Nevada, March 7-11, 1977 /

Bibliographic Details
Corporate Author: American Nuclear Society. Nevada Section
Format: Book
Language:English
Published: La Grange Park, Ill. : American Nuclear Society, 1978.
Subjects:

MARC

Tag First Indicator Second Indicator Subfields
LEADER 00000cam a2200000 a 4500
001 in00000081010
005 20151008055355.0
008 790315s1978 iluab b 10000 engm
010 |a  78112788  
020 |a 0894481045 
035 |a (OCoLC)04833894 
035 |9 AAJ3292AM 
040 |a DLC  |c DLC  |d TXA  |d UtOrBLW 
049 |a TXAM  |c [933143] 
050 0 0 |a TD172.5  |b .A47 1978 
082 0 |a 621.36/7 
245 0 0 |a Aerial techniques for environmental monitoring :  |b topical symposium proceedings, Aladdin Hotel, Las Vegas, Nevada, March 7-11, 1977 /  |c Nevada Section, American Nuclear Society. 
264 1 |a La Grange Park, Ill. :  |b American Nuclear Society,  |c 1978. 
300 |a vii, 263 pages :  |b illustrations, maps ;  |c 28 cm. 
336 |a text  |b txt  |2 rdacontent 
337 |a unmediated  |b n  |2 rdamedia 
338 |a volume  |b nc  |2 rdacarrier 
504 |a Includes bibliographical references. 
650 0 |a Pollution  |x Remote sensing  |x Congresses. 
710 2 |a American Nuclear Society.  |b Nevada Section. 
999 |a MARS 
999 f f |s 9fa9763b-4cdc-3a9a-b023-8ec32615ccc3  |i 7a69c888-0809-3169-92f8-90c54ee47b72  |t 0 
952 f f |p ric  |a Texas A&M University  |b Rellis Campus  |c Joint Library Facility  |d Remote Storage  |t 0  |e TD172.5 .A47 1978  |h Library of Congress classification  |i unmediated -- volume  |m A14806244641 
998 f f |a TD172.5 .A47 1978  |t 0  |l Remote Storage